Monument & Forts of India/ (Record no. 188919)

MARC details
000 -LEADER
fixed length control field 00554nam a22001937a 4500
005 - DATE AND TIME OF LATEST TRANSACTION
control field 20220607152112.0
010 ## - LCCN (DPL NO)
LC control number ENG-133095
020 ## - INTERNATIONAL STANDARD BOOK NUMBER
Terms of availability 650.00
International Standard Book Number 978-81-925575-1-6
035 ## - SYSTEM CONTROL NUMBER
System control number EN-116627
037 ## - SOURCE OF ACQUISITION
Source of stock number/acquisition DBAD/PUB
082 ## - DEWEY DECIMAL CLASSIFICATION NUMBER
Classification number 954
100 ## - MAIN ENTRY--PERSONAL NAME
Personal name Grover, D.C.
245 ## - TITLE STATEMENT
Title Monument & Forts of India/
Statement of responsibility, etc D.C. Grover
250 ## - EDITION STATEMENT
Remainder of edition statement New Delhi
260 ## - PUBLICATION, DISTRIBUTION, ETC. (IMPRINT)
Date of publication, distribution, etc 2017
Name of publisher, distributor, etc Aryan Prakashan
270 ## - ADDRESS
Address IIIrd Floor, H-1/48 Bengali Colony, Mahavir Enclave
City New Delhi
Postal code 110045
300 ## - PHYSICAL DESCRIPTION
Extent 200p.
Dimensions 21cm(hbk)
942 ## - ADDED ENTRY ELEMENTS (KOHA)
Source of classification or shelving scheme Dewey Decimal Classification
Item type English Books
Call number suffix GRO
Classification part 954
Holdings
Withdrawn status Lost status Not for loan Collection code Home library Current library Date acquired Source of acquisition Cost, normal purchase price Full call number Barcode Copy number Cost, replacement price Koha item type
    Not For Loan Non-fiction D.B.Act.Division Mobile Library 07/06/2022 DBAD/PUB 650.00 954 GRO EN-116627 1 650.00 English Books

© Delhi Public Library
Hit Counter
free hit counter